| 000 | 00728nam a2200205Ia 4500 | ||
|---|---|---|---|
| 003 | GCL | ||
| 008 | 140319s9999 xx 000 0 ara d | ||
| 040 |
_aGCL / _cGCL |
||
| 082 | 0 | 4 |
_a823.03 _bف ا |
| 100 | 1 | _aمحمود مسعود | |
| 245 | 1 | 0 |
_aانسان (هدية من الاديب عبدالفتاح الجمل) / _cمحمود مسعود |
| 700 | 1 | _aفالاتشى، اوريانا | |
| 260 |
_a[S.N] : _bدار الهلال للطباعة والنشر ، _c1990 |
||
| 300 | _a306 ص | ||
| 490 |
_aروايات الهلال _v0 |
||
| 650 | 0 | 4 | _aالقصص الانجليزية المترجمة |
| 650 | 0 | 4 | _aالادب الانجليزى |
| 650 | 0 | 4 | _aالادب الانجليزى المترجم |
| 942 |
_2ddc _cBK |
||
| 999 |
_c37779 _d37779 |
||